[Event "FIDE WCh KO"]
[Site "Moscow RUS"]
[Date "2001.11.28"]
[Round "1.2"]
[White "Tkachiev,V"]
[Black "Hamdouchi,H"]
[Result "1/2-1/2"]
[WhiteElo "2632"]
[BlackElo "2501"]

1.d4 Nf6 2.c4 e6 3.Nf3 b6 4.g3 Ba6 5.b3 Bb7 6.Bg2 Bb4+ 7.Bd2 a5 8.O-O O-O
9.Qc2 d6 10.Bc3 d5 11.a3 Be7 12.Nbd2 Na6 13.Rfd1 Rc8 14.Ne5 c5 15.Qb2 Qc7
16.Rac1 dxc4 17.Bxb7 Qxb7 18.Ndxc4 Ne4 19.dxc5 Bxc5 20.Bd4 Rfd8 21.Bxc5 Naxc5
22.f3 b5 23.Rxd8+ Rxd8 24.Ne3 Qb6 25.fxe4 Nxe4 26.Ng4 f6 27.Qc2 f5 28.Qc6 Qxc6
29.Rxc6 fxg4 30.Rxe6 Nd2 31.Rb6 Re8 32.Nxg4 Nxb3 33.Rxb5 a4 34.Re5 Rc8 35.Ne3 Rc3
36.Nf5 Rc1+ 37.Kf2 Ra1 38.Nd6 h6 39.Nc4 Ra2 40.Ke3 Nc1 41.Kf3 Nb3 42.Re8+ Kh7
43.h4 Rc2 44.Nb6 Nd4+ 45.Kf2 Ra2 46.Re4 Nb5 47.Rxa4 Nc3 48.Rb4 Rxa3 49.Nc4 Ra2  1/2-1/2

[Event "Rapid"]
[Site "Aubervilliers FRA"]
[Date "2002.01.26"]
[Round "4"]
[White "Nemety,L"]
[Black "Tkachiev,V"]
[Result "0-1"]
[WhiteElo "2146"]
[BlackElo "2634"]

1.c4 g6 2.f4 c5 3.Nf3 Bg7 4.Nc3 Nc6 5.d3 d6 6.e4 Bg4 7.Be2 e6 8.O-O Nge7
9.Be3 O-O 10.Qe1 Bxf3 11.Rxf3 Nd4 12.Bxd4 Bxd4+ 13.Kh1 Nc6 14.f5 Be5 15.Rh3 Qg5
16.Qh4 Qxh4 17.Rxh4 Nd4 18.Bg4 h5 19.Bh3 Bf6 20.Rf4 g5 21.Rf2 g4 22.fxe6 fxe6
23.Bxg4 hxg4 24.Rf4 g3 25.Rg4+ Kh7 26.Rxg3 Be5 27.Re3 Rf2 28.Nb5 Raf8 29.Kg1 Ne2+  0-1

[Event "Rapid"]
[Site "Aubervilliers FRA"]
[Date "2002.01.26"]
[Round "5"]
[White "Cossin,S"]
[Black "Tkachiev,V"]
[Result "1/2-1/2"]
[WhiteElo "2192"]
[BlackElo "2634"]

1.c4 g6 2.Nc3 Bg7 3.d4 Nf6 4.e4 d6 5.f3 O-O 6.Be3 a6 7.Bd3 Nfd7 8.Nge2 c5
9.O-O Nc6 10.Bc2 Rb8 11.Qd2 b5 12.cxb5 axb5 13.a4 bxa4 14.Nxa4 Na5 15.b3 Nxb3
16.Bxb3 Rxb3 17.Rac1 Ba6 18.Nac3 Nb6 19.Bh6 Bxh6 20.Qxh6 Na4 21.Rfd1 Nxc3
22.Nxc3 cxd4 23.Nd5 e6 24.Nc7 d3 25.Qe3 Ra3 26.Nxa6 Rxa6 27.Rxd3 Qb6 28.Qxb6 Rxb6
29.Rc7 Ra8 30.Rd2 Rd8 31.Ra2 Rbb8 32.Raa7 Rf8 33.Rd7 Rbd8 34.Kf2 Kg7 35.f4 Kf6
36.Rxd6 Rxd6 37.e5+ Kf5 38.exd6 Kxf4 39.Re7 Ke5 40.d7 Rd8 41.Rxf7 Kd6 42.Rxh7 Rxd7
43.Rxd7+ Kxd7 44.h4 Kd6 45.Ke3 Ke5 46.g4 Kd5 47.h5 gxh5 48.gxh5 Ke5 49.h6 Kf6
50.Ke4  1/2-1/2

[Event "Dutch Team Playoffs"]
[Site "Enschede NED"]
[Date "2002.05.10"]
[Round "2"]
[White "Kosashvili,Y"]
[Black "Tkachiev,V"]
[Result "1/2-1/2"]
[WhiteElo "2535"]
[BlackElo "2633"]

1.e4 e5 2.Nf3 Nc6 3.Bb5 a6 4.Ba4 Nf6 5.O-O b5 6.Bb3 Bc5 7.d3 d6 8.Be3 O-O
9.a4 Rb8 10.Nbd2 Bxe3 11.fxe3 Na5 12.Ba2 bxa4 13.Rb1 Qe7 14.Qe1 Bd7 15.h3 Nc6
16.Bc4 Rb6 17.g4 Na5 18.Ba2 Be6 19.Bxe6 fxe6 20.Ra1 Rxb2 21.Rxa4 Nb7 22.Nc4 Rb5
23.Rxa6 Nc5 24.Ra7 Rb7 25.Qa5 Rxa7 26.Qxa7 Rc8 27.Nb6 Re8 28.Na4 Nxa4 29.Qxa4 h6
30.Qc6 Qd7 31.Qxd7 Nxd7 32.Ra1 Kf7 33.Ra7 Rc8 34.Nd2 Nb6 35.d4 exd4 36.exd4 Ke7
37.c4 Nd7 38.Kf2 e5 39.d5 Nc5 40.Ke3 Kd8 41.h4 Rb8 42.Ra1 Ke7 43.Ra7 Kd7
44.Ra1 Ke7 45.Ra7 Kd7 46.Ra1 Ke7  1/2-1/2

[Event "TCh-CRO"]
[Site "Medulin CRO"]
[Date "2002.09.11"]
[Round "3"]
[White "Lalic,B"]
[Black "Tkachiev,V"]
[Result "1/2-1/2"]
[WhiteElo "2540"]
[BlackElo "2625"]

1.d4 Nf6 2.c4 e6 3.Nc3 Bb4 4.e3 c5 5.Ne2 d5 6.a3 Ba5 7.dxc5 dxc4 8.Qxd8+ Bxd8
9.Ng3 Nbd7 10.Nge4 Nxe4 11.Nxe4 Be7 12.Bxc4 Nxc5 13.Nxc5 Bxc5 14.Bd2  1/2-1/2

[Event "TCh-CRO"]
[Site "Medulin CRO"]
[Date "2002.09.13"]
[Round "5"]
[White "Hulak,K"]
[Black "Tkachiev,V"]
[Result "0-1"]
[WhiteElo "2570"]
[BlackElo "2625"]

1.c4 e5 2.Nc3 Nf6 3.e3 Nc6 4.Nf3 Bb4 5.Qc2 Bxc3 6.Qxc3 Qe7 7.d3 d5 8.cxd5 Nxd5
9.Qb3 Nb6 10.Bd2 O-O 11.Be2 Be6 12.Qc2 Rfd8 13.O-O f6 14.Rfd1 a5 15.Bc3 Bf7
16.Nh4 a4 17.Bf1 Nd5 18.Be1 Ndb4 19.Qb1 Kh8 20.a3 Nd5 21.Qc2 Nb6 22.Rdc1 Qd7
23.h3 Be6 24.Nf3 Bf5 25.Rd1 Qf7 26.Rac1 h6 27.Bc3 Be6 28.Qe2 Nd5 29.Be1 Nde7
30.Bc3 Rd7 31.Nd2 Rad8 32.Ne4 b6 33.Ng3 Bb3 34.Rd2 Nd5 35.Qg4 Nxc3 36.Rxc3 Na5
37.Qe4 c5 38.f4 exf4 39.Qxf4 Nc6 40.Rf2 Ne5 41.Nf5 Ng6 42.Qg4 Ne7 43.Nxe7 Qxe7
44.Qf4 Rd5 45.Rd2 f5 46.Rf2 g5 47.Qf3 Re5 48.h4 Kg7 49.hxg5 hxg5 50.Rd2 Rxe3
51.Re2 f4 52.Rc1 Rdxd3  0-1

[Event "TCh-CRO"]
[Site "Medulin CRO"]
[Date "2002.09.14"]
[Round "6"]
[White "Tkachiev,V"]
[Black "Palac,M"]
[Result "1/2-1/2"]
[WhiteElo "2625"]
[BlackElo "2564"]

1.d4 Nf6 2.c4 e6 3.Nf3 b6 4.g3 Ba6 5.Qb3 Nc6 6.Nbd2 Na5 7.Qc3 c5 8.dxc5 bxc5
9.e4 Bb7 10.e5 Ne4 11.Nxe4 Bxe4 12.Be2 Be7 13.O-O Nc6 14.Qe3 Bf5 15.Bd2 O-O
16.Bc3 Rb8 17.Rfd1 Nb4 18.h3 Qc7 19.g4 Bg6 20.Rd2 a5 21.Rad1 Rfd8 22.Ne1 a4
23.Nd3  1/2-1/2

[Event "Los Inmortales IV"]
[Site "Santo Domingo DOM"]
[Date "2002.12.02"]
[Round "6"]
[White "Tkachiev,V"]
[Black "Khenkin,I"]
[Result "1/2-1/2"]
[WhiteElo "2632"]
[BlackElo "2603"]

1.e4 c6 2.c4 d5 3.cxd5 cxd5 4.exd5 Nf6 5.Nc3 Nxd5 6.Nf3 Nc6 7.Bb5 Nxc3 8.bxc3 Qd5
9.Qb3 Qe4+ 10.Be2 e6 11.d3 Qf5 12.O-O Bd6 13.Ba3 Bxa3 14.Qxa3 Qa5 15.Qb2  1/2-1/2

[Event "Los Inmortales IV"]
[Site "Santo Domingo DOM"]
[Date "2002.12.04"]
[Round "8"]
[White "Tkachiev,V"]
[Black "Macieja,B"]
[Result "1/2-1/2"]
[WhiteElo "2632"]
[BlackElo "2615"]

1.d4 Nf6 2.c4 g6 3.Nc3 d5 4.cxd5 Nxd5 5.Bd2 Bg7 6.e4 Nb6 7.Be3 O-O 8.Bb5 Be6
9.Nf3 Nc4 10.Bxc4 Bxc4 11.Qa4 Ba6 12.O-O-O Nd7 13.h4 Nb6 14.Qb3 Nc4 15.h5 Nxe3
16.fxe3 c5 17.hxg6 hxg6 18.e5 cxd4 19.exd4 Rc8 20.Kb1 Qd7 21.Ka1 Bc4 22.Qa3 b5
23.Ne4 Rfd8 24.Rd2 Bd5 25.Nc5 Qf5 26.Qe3 Rc6 27.Rf2 Qg4 28.Rh4 Qg3 29.Rh3 Qg4
30.Rh4 Qg3 31.Rh3 Qg4 32.Rh4  1/2-1/2

[Event "28th Rapid Open"]
[Site "Aubervilliers FRA"]
[Date "2003.01.26"]
[Round "4"]
[White "Tkachiev,V"]
[Black "L'Henoret,T"]
[Result "1-0"]
[WhiteElo "2642"]
[BlackElo "2122"]

1.d4 Nf6 2.c4 e5 3.dxe5 Ng4 4.Nf3 Bc5 5.e3 Nc6 6.Be2 O-O 7.O-O Re8 8.Nc3 Ngxe5
9.Nxe5 Nxe5 10.Na4 Bf8 11.e4 d6 12.Nc3 c6 13.Bf4 Qf6 14.Qd2 Be6 15.b3 h6
16.Bg3 Qg6 17.f4  1-0

[Event "28th Rapid Open"]
[Site "Aubervilliers FRA"]
[Date "2003.01.26"]
[Round "6"]
[White "Tkachiev,V"]
[Black "Inkiov,V"]
[Result "1-0"]
[WhiteElo "2642"]
[BlackElo "2465"]

1.d4 Nf6 2.c4 e6 3.Nf3 d5 4.g3 dxc4 5.Bg2 Nc6 6.Qa4 Bb4+ 7.Bd2 Nd5 8.Qb5 Bxd2+
9.Nbxd2 c3 10.bxc3 Nxc3 11.Qd3 Nd5 12.O-O O-O 13.Rfc1 h6 14.Rab1 Nb6 15.e4 Qe7
16.Nb3 Rd8 17.Qe3 a5 18.Nc5 a4 19.Bf1 Ra5 20.Qc3 Ra8 21.Rd1 a3 22.Bb5 Na7
23.Bd3 Nc6 24.Bc2 Ra5 25.Bb3 Rb5 26.Rbc1 Qf6 27.Na4 Qe7 28.Nxb6 Rxb6 29.d5 exd5
30.exd5 Nb4 31.Ne5 Rdd6 32.Nc4 Nxd5 33.Qf3 Rxb3 34.axb3  1-0

[Event "28th Rapid Open"]
[Site "Aubervilliers FRA"]
[Date "2003.01.26"]
[Round "7"]
[White "Rausis,I"]
[Black "Tkachiev,V"]
[Result "1/2-1/2"]
[WhiteElo "2537"]
[BlackElo "2642"]

1.e4 d6 2.d4 Nf6 3.Bd3 g6 4.c3 Bg7 5.Nf3 O-O 6.O-O Nc6 7.Re1 e5 8.dxe5 dxe5
9.Qc2 h6 10.Nbd2 Nh5 11.Nc4 Qf6 12.Ne3 Ne7 13.Nd5 Nxd5 14.exd5 Re8 15.c4 Bg4
16.Nd2 Qd8 17.Nf1 Nf4 18.Bxf4 exf4 19.h3 Bd7 20.Rxe8+ Qxe8 21.Rd1 f3 22.Be4 fxg2
23.Bxg2 Qe5 24.c5 Re8 25.Qd2 Qxb2 26.Qxb2 Bxb2 27.d6 cxd6 28.Bxb7 Bxh3 29.c6 Bc8
30.Rxd6 Bxb7 31.cxb7 Rb8 32.Rd7 Kf8 33.Ne3 Ke8 34.Rc7 Be5 35.Rc5 Bd6 36.Rb5 Kd7
37.Nc4 Kc6 38.a4 Bc7 39.Kg2 Rxb7 40.Na5+ Bxa5 41.Rxa5 Kd6 42.Kf3 Ke6 43.Ke4 Kf6
44.f4 Rb4+ 45.Kf3 g5 46.fxg5+ hxg5 47.Rxa7 Kf5 48.Rxf7+  1/2-1/2

[Event "National I"]
[Site "Montpellier FRA"]
[Date "2003.02.01"]
[Round "2"]
[White "Nikcevic,N"]
[Black "Tkachiev,V"]
[Result "1/2-1/2"]
[WhiteElo "2468"]
[BlackElo "2642"]

1.e4 c5 2.Nf3 e6 3.c4 Nc6 4.Nc3 e5 5.Be2 g6 6.O-O Bg7 7.a3 a5 8.Ne1 Nge7
9.Nc2 O-O 10.d3 d6 11.Rb1 a4 12.Ne3 Nd4 13.Ned5 Nxd5 14.Nxd5 f5 15.Kh1 Be6
16.Be3 Nb3 17.f3 f4 18.Bf2 h5 19.Qe1 Kh7 20.Bd1 Nd4 21.Bxd4 exd4 22.b4 axb3
23.Rxb3 Ra7 24.Rf2 Rf7 25.Ra2 g5 26.a4 Be5 27.Rb1 g4 28.Rab2 Qg5 29.Ra2 Kg7
30.Nb6 Qh6 31.a5 h4 32.fxg4 h3 33.Qf1 hxg2+ 34.Qxg2 Qh4 35.h3  1/2-1/2

[Event "National I"]
[Site "Besancon FRA"]
[Date "2003.04.05"]
[Round "5"]
[White "Schlosser,P"]
[Black "Tkachiev,V"]
[Result "1/2-1/2"]
[WhiteElo "2527"]
[BlackElo "2643"]

1.Nf3 d5 2.d4 e6 3.c4 dxc4 4.e3 a6 5.Bxc4 c5 6.O-O Nf6 7.dxc5 Bxc5 8.Qe2 b5
9.Bd3 Nc6 10.Nbd2 Bb7 11.a4 bxa4 12.Ne4 Nxe4 13.Bxe4 Qe7 14.Rxa4 Nb4 15.Bxb7 Qxb7
16.Bd2 Nd5 17.b4 Be7 18.b5 Nc7 19.bxa6 Rxa6 20.Rc4 Ra8 21.Rfc1 Na6 22.h3  1/2-1/2

[Event "National I"]
[Site "Besancon FRA"]
[Date "2003.04.07"]
[Round "7"]
[White "Tkachiev,V"]
[Black "Nezar,M"]
[Result "1-0"]
[WhiteElo "2643"]
[BlackElo "2320"]

1.d4 d5 2.c4 c6 3.Nf3 Nf6 4.e3 Bf5 5.Nc3 e6 6.Nh4 Bg4 7.Qb3 Qb6 8.h3 Bh5
9.g4 Bg6 10.g5 Nfd7 11.Nxg6 Qxb3 12.axb3 hxg6 13.c5 e5 14.b4 Be7 15.f4 exd4
16.exd4 Nf8 17.Be3 Ne6 18.Bd3 Rh4 19.Ne2 a6 20.Kf2 Nc7 21.Kg3 Rh8 22.h4 Nd7
23.Raf1 b6 24.Ra1 O-O-O 25.Bxa6+ Nxa6 26.Rxa6 Kb7 27.Rha1 Ra8 28.Rxa8 Rxa8
29.Rxa8 Kxa8 30.b5 Nb8 31.Nc3 Kb7 32.b4 cxb5 33.Nxd5 Nc6 34.Kf3 bxc5 35.bxc5 Bd8
36.Ke2 Ba5 37.Kd1 Kc8 38.f5 Kd7 39.f6 gxf6 40.Nxf6+ Kd8 41.d5 Ne7 42.Bd2 Bxd2
43.Kxd2 Nf5 44.Kc3 Nxh4 45.Kb4 Nf3 46.Kxb5 Nxg5 47.c6 Kc7 48.Kc5 Nf3 49.d6+ Kd8
50.c7+ Kc8 51.Nd5  1-0

[Event "National I"]
[Site "Clermont-Ferrand FRA"]
[Date "2003.05.08"]
[Round "8"]
[White "Tkachiev,V"]
[Black "Rausis,I"]
[Result "1-0"]
[WhiteElo "2643"]
[BlackElo "2533"]

1.d4 d5 2.c4 e6 3.Nf3 Nf6 4.Nc3 c5 5.cxd5 Nxd5 6.e4 Nxc3 7.bxc3 cxd4 8.cxd4 Bb4+
9.Bd2 Bxd2+ 10.Qxd2 O-O 11.Bc4 Nc6 12.O-O b6 13.Rad1 Bb7 14.Rfe1 Qf6 15.d5 Na5
16.Bd3 e5 17.Qc3 Rfe8 18.Bb5 Re7 19.Qb4 Rd8 20.Rc1 Qd6 21.a3 g6 22.Nd2 f6
23.Rc3 Rf7 24.Rec1 Qb8 25.f3 Kg7 26.a4 h5 27.Nc4 Nxc4 28.Rxc4 f5 29.Qc3 Qd6
30.Rc7 Rf8 31.f4 fxe4 32.fxe5 Qxc7 33.Qxc7 Rxc7 34.Rxc7+ Rf7 35.d6 Rxc7 36.dxc7 Bc8
37.e6 Bxe6 38.Ba6 Kf6 39.Kf2  1-0

[Event "CRO-Cup"]
[Site "Rabac CRO"]
[Date "2003.05.27"]
[Round "2"]
[White "Cebalo,M"]
[Black "Tkachiev,V"]
[Result "0-1"]
[WhiteElo "2524"]
[BlackElo "2643"]

1.c4 e5 2.Nc3 Nf6 3.Nf3 Nc6 4.d3 g6 5.g3 Bg7 6.Bg2 O-O 7.O-O d6 8.Bg5 h6
9.Bxf6 Bxf6 10.Rb1 a5 11.a3 Ne7 12.b4 axb4 13.axb4 Bg7 14.Nd2 e4 15.Qc2 exd3
16.exd3 Nc6 17.Rfe1 Nd4 18.Qd1 h5 19.Nd5 Bg4 20.Nf3 Ra2 21.b5 Bxf3 22.Bxf3 Rd2  0-1

[Event "CRO-Cup"]
[Site "Rabac CRO"]
[Date "2003.05.29"]
[Round "4"]
[White "Vukic,M"]
[Black "Tkachiev,V"]
[Result "1/2-1/2"]
[WhiteElo "2491"]
[BlackElo "2643"]

1.Nf3 Nf6 2.g3 d5 3.Bg2 c5 4.O-O g6 5.c4 Bg7 6.cxd5 Nxd5 7.Nc3 Nc6 8.Nxd5 Qxd5
9.d3 O-O 10.a3 b6 11.Be3 Bb7 12.Rb1 Nd4 13.Bxd4 cxd4 14.Nh4 Qd7 15.Bxb7 Qxb7
16.Qa4  1/2-1/2

[Event "MTO"]
[Site "Biel SUI"]
[Date "2003.07.21"]
[Round "1"]
[White "Tkachiev,V"]
[Black "Lehikoinen,P"]
[Result "1-0"]
[WhiteElo "2654"]
[BlackElo "2253"]

1.d4 Nf6 2.c4 e6 3.Nf3 b6 4.g3 Ba6 5.Qb3 d5 6.cxd5 exd5 7.Nc3 Be7 8.Bg2 O-O
9.O-O Re8 10.Rd1 Bf8 11.Ne5 c6 12.e4 Bb7 13.Bg5 h6 14.exd5 cxd5 15.Bxf6 gxf6
16.Ng4 Nd7 17.Bxd5 Bxd5 18.Qxd5 Bg7 19.Qh5  1-0

[Event "MTO"]
[Site "Biel SUI"]
[Date "2003.07.22"]
[Round "2"]
[White "Petkevich,J"]
[Black "Tkachiev,V"]
[Result "1/2-1/2"]
[WhiteElo "2442"]
[BlackElo "2654"]

1.Nf3 Nf6 2.d4 g6 3.c4 Bg7 4.Nc3 d6 5.g3 O-O 6.Bg2 Nbd7 7.O-O e5 8.e4 exd4
9.Nxd4 Re8 10.h3 a6 11.Re1 Rb8 12.Bf4 Ne5 13.Qe2 c6 14.Rad1 Qa5 15.Nf3 Qb4
16.Nxe5 dxe5 17.Be3 Bf8 18.a3 Qb3 19.Rc1 Nd7 20.Nb1 Bc5 21.Rc3 Qb6 22.h4 Bxe3
23.Rxe3  1/2-1/2

[Event "MTO"]
[Site "Biel SUI"]
[Date "2003.07.24"]
[Round "4"]
[White "Leutwyler,M"]
[Black "Tkachiev,V"]
[Result "0-1"]
[WhiteElo "2166"]
[BlackElo "2654"]

1.d4 Nf6 2.Nf3 g6 3.Nc3 Bg7 4.e4 d6 5.h3 O-O 6.Be3 c6 7.a4 Qc7 8.a5 d5 9.Bd3 dxe4
10.Nxe4 Nxe4 11.Bxe4 Nd7 12.Qd2 e5 13.dxe5 Nxe5 14.Nxe5 Qxe5 15.Bf3 Qxb2
16.O-O a6 17.Bc5 Re8 18.Rae1 Bf5 19.Rb1 Qe5 20.Qd6 Qxd6 21.Bxd6 Rad8 22.Bc5 Rd7
23.Rfd1 Rxd1+ 24.Rxd1 Bc3 25.Bb6 h5 26.h4 Bf6 27.g3 Bxc2 28.Rd7 Re7 29.Rxe7 Bxe7
30.Kf1 Kf8 31.Ke2 Ke8 32.Ke3 Bf6 33.Bd4 Bd8 34.Bc3 b6 35.axb6 Bxb6+ 36.Ke2 a5
37.Be1 a4 38.Kd2 Bf5 39.Kc1 a3  0-1

[Event "MTO"]
[Site "Biel SUI"]
[Date "2003.07.25"]
[Round "5"]
[White "Tkachiev,V"]
[Black "Gaspariants,G"]
[Result "1-0"]
[WhiteElo "2654"]
[BlackElo "2293"]

1.d4 Nf6 2.c4 e6 3.Nf3 b6 4.g3 Ba6 5.Qb3 d5 6.cxd5 Qxd5 7.Qd1 Bb4+ 8.Bd2 Bxd2+
9.Qxd2 Ne4 10.Qe3 Qa5+ 11.Nc3 Nxc3 12.bxc3 Nd7 13.Bg2 O-O 14.O-O Rae8 15.Rfe1 e5
16.Qg5 h6 17.Qf5 Bc8 18.Qc2 Re7 19.a4 e4 20.Nd2 f5 21.e3 Qd5 22.a5 Kh8 23.axb6 axb6
24.Bf1 g5 25.Ra7 c5 26.Nc4 Ref7 27.Qb2 Rf6 28.Nd2 Qd6 29.Rea1 R6f7 30.Bg2 Re7
31.Ra8 Qg6 32.Qb5 f4 33.Bxe4 Rxe4 34.Nxe4 Qxe4 35.Rxc8 Rxc8 36.Qxd7 Rg8 37.Qd6 Kh7
38.exf4 gxf4 39.dxc5 bxc5 40.Qxc5 Rg7 41.Rd1 Rf7 42.Qd5 Qe7 43.c4 Qe2 44.Qd3+  1-0

[Event "MTO"]
[Site "Biel SUI"]
[Date "2003.07.28"]
[Round "7"]
[White "Karjakin,Sergey"]
[Black "Tkachiev,V"]
[Result "1-0"]
[WhiteElo "2560"]
[BlackElo "2654"]

1.e4 e5 2.Nf3 Nc6 3.Bb5 a6 4.Ba4 Nf6 5.O-O b5 6.Bb3 Bc5 7.c3 d6 8.d4 Bb6
9.a4 Rb8 10.axb5 axb5 11.Na3 O-O 12.Nxb5 exd4 13.cxd4 Bg4 14.Ra4 Re8 15.Bg5 h6
16.Bd5 Bxf3 17.gxf3 hxg5 18.Bxc6 Re6 19.Nc3 Nh5 20.Nd5 Nf4 21.Qd2 Nxd5 22.Bxd5 Rh6
23.Rfa1 Qd7 24.Ra8 Rxa8 25.Rxa8+ Kh7 26.e5 dxe5 27.dxe5 Qh3 28.Bxf7 g6 29.Bg8+ Kg7
30.e6 Qxh2+ 31.Kf1 Rh4 32.Qd7+ Kf6 33.Rf8+ Ke5 34.Qb5+ Kd6 35.Rd8+  1-0

[Event "MTO"]
[Site "Biel SUI"]
[Date "2003.07.29"]
[Round "8"]
[White "Manik,M"]
[Black "Tkachiev,V"]
[Result "0-1"]
[WhiteElo "2471"]
[BlackElo "2654"]

1.e4 e5 2.Nf3 Nc6 3.Bb5 a6 4.Ba4 Nf6 5.O-O Be7 6.Re1 b5 7.Bb3 O-O 8.h3 Bb7
9.d3 d6 10.c3 Na5 11.Bc2 c5 12.d4 Qc7 13.Nbd2 cxd4 14.cxd4 Rac8 15.Bb1 exd4
16.Nxd4 Rfe8 17.a4 b4 18.Bd3 Bf8 19.Rb1 g6 20.Nc2 d5 21.exd5 Nxd5 22.Rxe8 Rxe8
23.Ne4 Bg7 24.Bd2 Nf4 25.Bxf4 Qxf4 26.Nc5 Ba8 27.Qg4 Qd6 28.Qxb4 Nc6 29.Qa3 Nd4
30.Ne3 Rxe3 31.fxe3 Qg3  0-1

[Event "Open"]
[Site "Bastia FRA"]
[Date "2003.10.29"]
[Round "1"]
[White "Galli,J"]
[Black "Tkachiev,V"]
[Result "0-1"]
[WhiteElo "2106"]
[BlackElo "2645"]

1.Nf3 Nf6 2.g3 g6 3.Bg2 Bg7 4.d4 O-O 5.O-O d6 6.c4 Nc6 7.Nc3 a6 8.d5 Na5
9.Qa4 c5 10.dxc6 Nxc6 11.Nd5 Bd7 12.Qa3 b5 13.Nd2 Rb8 14.Nxf6+ Bxf6 15.Ne4 Bg7
16.c5 d5 17.Ng5 h6 18.Nxf7 Rxf7 19.Bxd5 e6 20.Be4 Nd4 21.Qd3 Qf6 22.Be3 e5
23.Bxd4 exd4 24.Bxg6 Re7 25.Be4 Qe5 26.Bf3 Qxc5 27.Rac1 Qe5 28.Qb3+ Kh8 29.Qb4 Rbe8
30.Rc5 Qf6 31.Qd2 Bf5 32.Rfc1 Be4 33.Kg2 Rf8 34.Qf4 Qxf4 35.gxf4 Rxf4 36.Rh1  0-1

[Event "Open"]
[Site "Bastia FRA"]
[Date "2003.10.29"]
[Round "2"]
[White "Tkachiev,V"]
[Black "Milov,L"]
[Result "1-0"]
[WhiteElo "2645"]
[BlackElo "2452"]

1.e4 d5 2.exd5 Qxd5 3.Nc3 Qa5 4.d4 Nf6 5.Nf3 Nc6 6.h3 Bf5 7.Bb5 Ne4 8.Bd2 Nxc3
9.Bxc6+ bxc6 10.Bxc3 Qd5 11.Qe2 Qe4 12.Rc1 e6 13.Bd2 Qxe2+ 14.Kxe2 Rb8 15.b4 Be4
16.a3 f6 17.Be3 a5 18.Nd2 Bg6 19.bxa5 Bxa3 20.Ra1 Bb4 21.Ra2 Kd7 22.Nb3 Be4
23.Rc1 Bd6 24.Nd2 Bg6 25.a6 Rb4 26.f3 Ra8 27.Ne4 Be7 28.Rca1 Bxe4 29.fxe4 c5
30.c3 Rb3 31.Kd2 cxd4 32.cxd4 Bb4+ 33.Ke2 Bd6 34.Ra4 Kc6 35.Ra5 Bb4 36.Rh5 Ra3
37.Rxa3 Bxa3 38.Rxh7 Bf8 39.a7 Kb7 40.d5 exd5 41.exd5 c5 42.dxc6+ Kxc6 43.Rh8 Kd5
44.Kf3 f5 45.Rh4 Bc5 46.Ra4 Bxe3 47.Kxe3 g5 48.Ra5+ Ke6 49.Kd4 g4 50.hxg4 fxg4
51.Kc5 Kf5 52.Kb6+  1-0

[Event "Aeroflot Open"]
[Site "Moscow RUS"]
[Date "2004.02.19"]
[Round "3"]
[White "Timoshenko,G"]
[Black "Tkachiev,V"]
[Result "1/2-1/2"]
[WhiteElo "2564"]
[BlackElo "2642"]

1.e4 e5 2.Nf3 Nc6 3.Bb5 a6 4.Ba4 Nf6 5.O-O Be7 6.Re1 b5 7.Bb3 O-O 8.d4 d6
9.c3 Bg4 10.Be3 exd4 11.cxd4 Na5 12.Bc2 c5 13.h3 Bxf3 14.Qxf3 cxd4 15.Bxd4 Nc6
16.Qe3 d5 17.e5 Ne4 18.Bxe4 dxe4 19.Bb6 Qb8  1/2-1/2

[Event "Aeroflot Open"]
[Site "Moscow RUS"]
[Date "2004.02.21"]
[Round "5"]
[White "Ivanov,Se1"]
[Black "Tkachiev,V"]
[Result "1/2-1/2"]
[WhiteElo "2544"]
[BlackElo "2642"]

1.d4 Nf6 2.c4 e6 3.g3 d5 4.Bg2 Bb4+ 5.Bd2 Be7 6.Nf3 O-O 7.O-O c6 8.Qc2 b6
9.Rd1 Ba6 10.Ne5 Nfd7 11.cxd5 cxd5 12.Nc3 Nxe5 13.dxe5 Bb7 14.Nb5 Nc6 15.Bc3 Rc8
16.e4 a6 17.exd5 Nb4 18.Qb3 Nxd5 19.Nd4 Qc7 20.Rac1 Bc5 21.Nf3 Nxc3 22.Qxc3 Bd5
23.Nd4 Bxg2 24.Kxg2 Qb7+ 25.Qf3 Qxf3+ 26.Kxf3 Rfd8 27.Nb3 Rxd1 28.Rxd1 Bf8
29.Rc1 Rxc1 30.Nxc1 f6 31.Nd3 Kf7 32.Ke4 f5+ 33.Kd4 Ke8 34.a4 Kd7 35.Kc4 Kc6
36.Nf4 b5+ 37.axb5+ axb5+ 38.Kd3 Kd7 39.Kd4 g6 40.h4 Be7 41.f3 Bf8 42.g4 fxg4
43.fxg4 Be7 44.g5 Bf8 45.h5 gxh5 46.Nxh5 Ke8 47.Nf6+ Kf7 48.Nxh7 Be7 49.Nf6 Kg6
50.Ne4 Kf5 51.Nd6+ Kxg5 52.Nxb5 Kf4 53.Nc7 Kf5 54.Ne8 Bf8 55.Nd6+ Kf4 56.b4 Be7
57.b5 Bh4 58.Nf7 Bf2+ 59.Kc4 Ke4 60.Kb4 Bb6 61.Nd6+ Kd5 62.Nc4 Bc7 63.b6 Bxb6  1/2-1/2

[Event "TCh-FRA Nat1 GpB"]
[Site "Montpellier FRA"]
[Date "2004.04.01"]
[Round "4"]
[White "Komarov,D"]
[Black "Tkachiev,V"]
[Result "1/2-1/2"]
[WhiteElo "2566"]
[BlackElo "2642"]

1.d4 Nf6 2.Nf3 e6 3.c4 b6 4.g3 Ba6 5.b3 Bb4+ 6.Bd2 Be7 7.Bg2 c6 8.O-O d5
9.Qc2 Nbd7 10.Rd1 O-O 11.Bf4 Rc8 12.Nc3 Nh5 13.Bc1 Nhf6 14.Bf4  1/2-1/2

[Event "TCh-FRA Nat1 GpB"]
[Site "Montpellier FRA"]
[Date "2004.04.03"]
[Round "6"]
[White "Gharamian,T"]
[Black "Tkachiev,V"]
[Result "1/2-1/2"]
[WhiteElo "2332"]
[BlackElo "2642"]

1.e4 c5 2.Nc3 e6 3.g3 Nc6 4.Nge2 a6 5.Bg2 d6 6.O-O Nf6 7.d4 cxd4 8.Nxd4 Bd7
9.Re1 Be7 10.Nxc6 Bxc6 11.a4 Rc8 12.a5 Nd7 13.Be3 Qc7 14.Bd4 O-O 15.Re2 Bf6
16.Bxf6 Nxf6 17.Qd4 Rfd8 18.Qb4 d5 19.e5 d4 20.Bxc6 Qxc6 21.exf6 dxc3 22.fxg7 Qc4
23.Qxc4 Rxc4 24.bxc3 Rxc3 25.Kg2 Kxg7 26.Ra2 Rd5 27.Re3 Rcc5 28.Rb3 Rd2 29.g4 Rcxc2
30.Rxc2 Rxc2 31.Rxb7 Rc5 32.Ra7 Rxa5 33.Kg3 Kg6 34.h3 f6 35.Ra8 h5 36.Rg8+ Kf7
37.Ra8 hxg4 38.hxg4 e5 39.f3 Ra3 40.Kg2 Kg6 41.Rg8+ Kh7 42.Ra8 Kh6 43.Rh8+ Kg7
44.Ra8 a5 45.Ra7+ Kg6 46.Ra6 Kg5 47.Ra8 a4 48.Rg8+ Kh6 49.g5+ fxg5 50.Re8 g4
51.fxg4 Kg5 52.Rxe5+ Kxg4 53.Re4+ Kf5 54.Rc4 Ra1 55.Kh2 Ra2+ 56.Kh3 a3 57.Rc3 Ra1
58.Kh2 Kf4 59.Rd3 Ra2+ 60.Kh3 Ke4 61.Rc3 Ra1 62.Kh2 Kd4 63.Rg3 Ra2+ 64.Kh3 Ke4
65.Rc3 Kd5 66.Rg3 Ra1 67.Kh2 Kc5 68.Rg5+ Kd4 69.Rg3 a2 70.Ra3 Kc4  1/2-1/2

[Event "TCh-CRO"]
[Site "Rabac CRO"]
[Date "2004.06.21"]
[Round "1"]
[White "Tkachiev,V"]
[Black "Bukal,V sr"]
[Result "0-1"]
[WhiteElo "2635"]
[BlackElo "2399"]

1.d4 d5 2.c4 c6 3.Nc3 Nf6 4.e3 a6 5.Qc2 Bg4 6.f3 Bh5 7.Qb3 Ra7 8.cxd5 cxd5
9.g4 Bg6 10.h4 h6 11.Nh3 e6 12.Nf4 Bh7 13.g5 Nfd7 14.g6 Bxg6 15.Nxg6 fxg6
16.Bd2 Bd6 17.O-O-O Nc6 18.Bd3 Qf6 19.Rdg1 Ne7 20.Rg4 Qxf3 21.Rhg1 O-O 22.Bxg6 Nf6
23.R4g2 b5 24.Bd3 Nf5 25.Be2 Qh3 26.e4 Nxe4 27.Bg4 Nxd2 28.Qd1 Qe3 29.Re1 Qxd4
30.Rxe6 Bf4 31.Bxf5 Nc4+ 32.Kb1 Qxd1+ 33.Nxd1 Rxf5  0-1

[Event "TCh-CRO"]
[Site "Rabac CRO"]
[Date "2004.06.25"]
[Round "7"]
[White "Varga,Zo"]
[Black "Tkachiev,V"]
[Result "0-1"]
[WhiteElo "2564"]
[BlackElo "2635"]

1.e4 e5 2.Nf3 Nc6 3.d4 exd4 4.Nxd4 Bc5 5.Nxc6 Qf6 6.Qd2 dxc6 7.Bd3 Be6 8.O-O O-O-O
9.Nc3 Nh6 10.Qf4 Ng4 11.h3 Ne5 12.Qxf6 gxf6 13.Rd1 Rhg8 14.Kf1 Nxd3 15.cxd3 Rxd3
16.Rxd3 Bc4 17.Ke2 Rd8 18.Bh6 Rxd3 19.Ke1 Bd4 20.Nd1 b5 21.Be3 c5 22.Bxd4 Rxd4
23.f3 Kd7 24.Ne3 Be6 25.a3 a5  0-1

[Event "TCh-CRO"]
[Site "Rabac CRO"]
[Date "2004.06.26"]
[Round "8"]
[White "Juric,G"]
[Black "Tkachiev,V"]
[Result "0-1"]
[WhiteElo "2298"]
[BlackElo "2635"]

1.d4 d6 2.c4 e5 3.Nf3 e4 4.Nfd2 Nf6 5.e3 g6 6.Nc3 Qe7 7.Qc2 Bf5 8.Nd5 Nxd5
9.cxd5 a6 10.b3 Bg7 11.Bb2 O-O 12.Be2 h5 13.h3 h4 14.Bg4 Bxg4 15.hxg4 f5
16.g5 Rc8 17.Rxh4 Qxg5 18.g3 Nd7 19.Nc4 Qe7 20.Ke2 Nf6 21.Rah1 Qf7 22.g4 fxg4
23.Nd2 Qxd5 24.Rg1 Qb5+ 25.Kd1 Qg5 26.Rh2 d5 27.b4 Qf5 28.Nf1 Bf8 29.a3 Bd6
30.Rhg2 Kg7 31.Nh2 g3 32.fxg3 Qg5 33.Qe2 Rh8 34.Bc1 Raf8 35.g4 Rh3 36.Nf1 Rfh8
37.Bd2 Nd7 38.b5 Ra8 39.Bb4 Bxb4 40.axb4 Nb6 41.Rg3 Rxg3 42.Rxg3 Nc4 43.b6 cxb6
44.Rh3 Qf6 45.g5 Qf5 46.Rh1 Qf3 47.Qxf3 exf3 48.Ke1  0-1

[Event "TCh-CRO"]
[Site "Rabac CRO"]
[Date "2004.06.27"]
[Round "9"]
[White "Ramesa,M"]
[Black "Tkachiev,V"]
[Result "1/2-1/2"]
[WhiteElo "2204"]
[BlackElo "2635"]

1.d4 d6 2.Nf3 g6 3.c4 Bg7 4.Nc3 Bg4 5.e3 Nf6 6.Be2 O-O 7.O-O Re8 8.h3 Bf5
9.b3 Na6 10.Bb2 c6 11.Bd3 Bxd3 12.Qxd3 e5 13.dxe5 dxe5 14.Qxd8 Raxd8 15.Rad1 e4
16.Nd4 Nb4 17.Nde2 Nd7 18.Ba3 a5 19.Rd2 Nc5 20.Rfd1 Rxd2 21.Rxd2 f5 22.Nd1 Ncd3
23.Kf1 Be5 24.Nc1 Nc5 25.Bb2 Bxb2 26.Nxb2 Kf7 27.a3 Nba6 28.Ke2 g5 29.Nd1 Ke7
30.Nc3 h5 31.f3 exf3+ 32.Kxf3 Rg8 33.Rd1 h4 34.g4 hxg3 35.Kxg3 Nc7 36.b4 axb4
37.axb4 N5e6 38.N1e2 Ra8 39.Kf3 Ra3 40.Rd3 Ra8 41.Ng3 Kf6 42.b5 Ke5 43.Rd7 Rd8
44.Rh7 Rd2 45.Nge2 cxb5 46.cxb5 Rb2 47.Nd4 g4+ 48.Kg3  1/2-1/2

[Event "Corsica Masters"]
[Site "Bastia FRA"]
[Date "2004.10.30"]
[Round "4"]
[White "Tkachiev,V"]
[Black "Ivanisevic,I"]
[Result "1/2-1/2"]
[WhiteElo "2609"]
[BlackElo "2533"]

1.e4 c5 2.Nf3 e6 3.c3 Nf6 4.e5 Nd5 5.d4 cxd4 6.cxd4 d6 7.Bc4 Nb6 8.Bb3 dxe5
9.Nxe5 Nc6 10.Nf3 Bb4+ 11.Nc3 Nd5 12.Qd3 O-O 13.O-O Nce7 14.Bg5 Qa5 15.a3 Bd6
16.Ne4 Bf4 17.Rfe1 Bd7 18.Ne5 Bc6 19.Bc2 Ng6 20.Qh3 f5 21.Nxg6 hxg6 22.g3 fxe4
23.Qxe6+ Kh7 24.Qh3+ Kg8 25.Qe6+ Kh7 26.Qh3+ Kg8 27.Qe6+ Kh7 28.Qh3+ Kg8
29.Qe6+  1/2-1/2